Statistiques concernant Histoire: Avant/Après/Pendant

Cliquez ici pour prendre le quiz!

Statistiques générales

  • Ce quiz a été pris 573 fois
  • Le résultat moyen est 8 sur 15

Statistiques - réponses

QuestionRéponse% Correct
Le premier mandat de François Mitterrand survint ..... la Guerre Froide.Pendant
81%
L'exécution de Marie-Antoinette eut lieu ..... l'exécution de Louis XVI.Après
76%
La Bataille de Waterloo survint ..... la candidature de Lincoln à la présidence des États-Unis.Avant
70%
Le Couronnement de Charlemagne en tant qu'Empereur d'Occident est arrivé ..... la bataille de Poitiers.Après
64%
La mission Apollo 11 s'est déroulée ..... la guerre du Viêt Nam.Pendant
63%
L'indépendance des États-Unis eut lieu ..... La Guerre de Sept Ans.Après
62%
Le Prix Nobel d'Einstein lui fut décerné ..... la Première Guerre Mondiale.Après
59%
Le grand incendie de Londres se déroula ..... le règne de Louis XIV.Pendant
53%
La mort de Mussolini est arrivée ..... la mort d'Hitler.Avant
51%
La fin de l'Empire Romain d'Orient eut lieu ..... la conquête de la Chine par les Mongols.Après
49%
Le début de la guerre de Cent Ans eut lieu ..... la Neuvième Croisade.Après
45%
La bataille de Sekigahara, qui permit l'unification du Japon, se déroula ..... le tour du monde de Magellan.Après
44%
La mort de Louis XIV eut lieu ..... la fondation de La Nouvelle-Orléans.Avant
38%
L'expédition des Mille de Garibaldi eut lieu ..... La Guerre de Sécession aux U.S.A.Avant
30%
La prise de Constantinople s'est déroulée ..... la naissance de Léonard de Vinci.Après
27%

Distribution des résultats

Percentile par nombre de réponses

% des personnes avec chaque résultat

Votre développement - résultats

Vous n’avez pas pris ce quiz